| 000 | 01189cam a2200313 i 4500 | ||
|---|---|---|---|
| 001 | 19553590 | ||
| 003 | EG-ScBUE | ||
| 005 | 20211206101916.0 | ||
| 008 | 170315s2018 enka f b 001 0 eng d | ||
| 020 | _a9780415531054 (pbk) | ||
| 040 |
_aDLC _beng _erda _cDLC _dDLC _dEG-ScBUE |
||
| 082 | 0 | 4 |
_a746.92 _bTHO _222 |
| 100 | 1 |
_aThomas, Sue _c(Fashion authority) _eauthor. |
|
| 245 | 1 | 0 |
_aFashion ethics / _cSue Thomas. |
| 264 | 1 |
_aLondon ; _aNew York : _bRoutledge Taylor & Francis Group, _c2018. |
|
| 300 |
_aviii, 204 pages : _billustrations ; _c26 cm |
||
| 336 |
_atext _btxt _2rdacontent |
||
| 337 |
_aunmediated _bn _2rdamedia |
||
| 338 |
_avolume _bnc _2rdacarrier |
||
| 504 | _aIncludes bibliographical references and index. | ||
| 505 | 0 | _aDesign -- Production -- Marketing -- Wear -- Disposal -- Future ethics. | |
| 650 | 7 |
_aFashion design _xMoral and ethical aspects. _2BUEsh |
|
| 650 | 7 |
_aFashion merchandising _xMoral and ethical aspects. _2BUEsh |
|
| 653 |
_bART _cDecember2021 |
||
| 655 |
_vReading book _934232 |
||
| 906 |
_a7 _bcbc _corignew _d1 _eecip _f20 _gy-gencatlg |
||
| 942 |
_2ddc _cBB |
||
| 999 |
_c29680 _d29651 |
||